| 000 | 00770cam a2200241 4500 | ||
|---|---|---|---|
| 001 | ABS61147 | ||
| 008 | 000000n1999 000 0 eng u | ||
| 035 | _a(Sirsi) u101712 | ||
| 100 | _aEade, C. | ||
| 245 | 4 | _aThe best of both worlds. | |
| 260 | _c1999 | ||
| 490 |
_aProperty Week _v63(32) 20 August 1999, 24(1) |
||
| 520 | _aExamines the implications of 'best value' for property managers in local authorities and how it may alter their relationship with private contractors. | ||
| 650 |
_aProperty management _96262 |
||
| 650 | _aBEST VALUE | ||
| 650 | _aLOCAL AUTHORITIES | ||
| 650 | _aPRIVATE SECTOR | ||
| 650 | _aCOMPULSORY COMPETITIVE TENDERING | ||
| 650 | _aCCT | ||
| 650 |
_aContracts _96232 |
||
| 690 | _aPROPERTY LAW AND PRACTICE | ||
| 942 | _n0 | ||
| 999 |
_c60837 _d60837 |
||